Movies Quiz

Random Movies or Actor Quiz
Score 0/20 Timer 05:00
5 Plays Today
% Correct
Private Ryan
95.2%
Bill the Krill
92.1%
Jason Bourne
91.8%
Spirit
90.8%
Will Hunting
90.8%
Dr. Mann
90.2%
LaBoeuf
89.2%
Linus Caldwell
86.7%
Francois Pienaar
86.2%
Scott Thorson
86%
% Correct
Wilhelm Grimm
85.4%
Tom Ripley
83.4%
Bob Tenor
82.8%
Rannulph Junuh
82.5%
Mark Whitacre
81.9%
Max
80.7%
Colin Sullivan
77.9%
Mark Watney
76.3%
Donny
73.7%
Loki
72.1%
Remove Ads.
Support Sporcle.
Get the best of Sporcle when you Go Orange. This ad-free experience offers more features, more stats, and more fun while also helping to support Sporcle. Thank you for becoming a member.

You're not logged in!

Compare scores with friends on all Sporcle quizzes.
OR
Log In

Show Comments

Extras

Top Quizzes Today


Score Distribution

Your Account Isn't Verified!

In order to create a playlist on Sporcle, you need to verify the email address you used during registration. Go to your Sporcle Settings to finish the process.

Report this User

Report this user for behavior that violates our Community Guidelines.

Details: